000 00549nam a2200193Ia 4500
999 _c6582
_d6582
003 OSt
005 20200121115410.0
008 190216s9999||||xx |||||||||||||| ||und||
020 _a9788170147213
040 _coclc
082 _a658.3
_bTRI/H
100 _aTripathi, P C
_91261
245 0 _aHuman Resource Devolepment /
_cP C Tripathi
250 _a3rd ed.
260 _bSulthan Chand&Sons,
_c2002.
_aNew Delhi:
300 _a347p
650 _aHuman Resource Devolepment
942 _cBK
_2ddc
_h658.3
_iTRI/H
_k658.3
_mTRI/H